| 000 | 00577nam a2200193Ia 4500 | ||
|---|---|---|---|
| 008 | 131103s9999 xx 000 0 und d | ||
| 040 | _aLoreto College | ||
| 041 | _aEnglish | ||
| 082 |
_a822.3/MID-HEM _bLCLIB/16106 |
||
| 100 | _aMiddleton, Thomas | ||
| 245 | 2 |
_aA mad World my masters _cThomas Middleton; edited by Standish Henning |
|
| 260 |
_aLondon _bEdward Arnold _c1965 |
||
| 300 |
_axx,111p. _c 20c.m. |
||
| 440 | _aRegents Renaissance Drama Series | ||
| 650 | _aEnglish drama | ||
| 700 | _aHenning, Standish ; ed. | ||
| 850 | _aLCLIB/822.39/MID | ||
| 942 | _cBK | ||
| 999 |
_c22404 _d72883 |
||